This emotional life (Record no. 1146)

MARC details
000 -LEADER
fixed length control field 02329cgm a2200577 a 4500
005 - DATE AND TIME OF LATEST TRANSACTION
control field 20260322212048.0
007 - PHYSICAL DESCRIPTION FIXED FIELD--GENERAL INFORMATION
fixed length control field data
008 - FIXED-LENGTH DATA ELEMENTS--GENERAL INFORMATION
fixed length control field data
020 ## - INTERNATIONAL STANDARD BOOK NUMBER
International Standard Book Number 9781608831661
020 ## - INTERNATIONAL STANDARD BOOK NUMBER
International Standard Book Number 1608831663
024 1# - OTHER STANDARD IDENTIFIER
Standard number or code 841887011693
028 42 - PUBLISHER OR DISTRIBUTOR NUMBER
Publisher or distributor number TEMO601
Source PBS
040 ## - CATALOGING SOURCE
Original cataloging agency TEFMT
Transcribing agency TEFMT
Modifying agency COU
-- TEF
-- NED
-- DVP
-- TEFMT
-- COU
041 09 - LANGUAGE CODE
Language code of text/sound track or separate title eng
042 ## - AUTHENTICATION CODE
Authentication code nlmcopyc
044 ## - COUNTRY OF PUBLISHING/PRODUCING ENTITY CODE
-- United States
050 14 - LIBRARY OF CONGRESS CALL NUMBER
Classification number BF531
Item number .T45 2010
060 00 - NATIONAL LIBRARY OF MEDICINE CALL NUMBER
Classification number 2010 AV-0042
060 10 - NATIONAL LIBRARY OF MEDICINE CALL NUMBER
Classification number BF 531
082 04 - DEWEY DECIMAL CLASSIFICATION NUMBER
Classification number 152.4
Edition information 22
099 ## - LOCAL FREE-TEXT CALL NUMBER (OCLC)
Classification number DVD WM 420.5.E3 E468
001 - CONTROL NUMBER
control field data
245 10 - TITLE STATEMENT
Title This emotional life
Medium [videorecording] /
Statement of responsibility, etc. Daniel Todd Gilbert ... [et al.].
260 ## - PUBLICATION, DISTRIBUTION, ETC.
Place of publication, distribution, etc. Alexandria, VA :
Name of publisher, distributor, etc. [Distributed by] PBS,
Date of publication, distribution, etc. c2009.
300 ## - PHYSICAL DESCRIPTION
Extent 3 videodiscs (360 min.) :
Other physical details sd., col. ;
Dimensions 4 3/4 in.
500 ## - GENERAL NOTE
General note Title from container.
500 ## - GENERAL NOTE
General note Originally broadcast as a 3 part television series January 4-6, 2010 on PBS.
500 ## - GENERAL NOTE
General note Additional resources: Importance of early attachment ; how to build enduring relationships ; stress depression ; post traumatic stress discorder (PTSD) ; grief ; resilience ; finding happiness.
505 0# - FORMATTED CONTENTS NOTE
Formatted contents note disc 1. Family, friends, & lovers (114 min.) -- disc 2. Facing our fears (114 min.) -- disc 3. Rethinking happiness (114 min.).
508 ## - CREATION/PRODUCTION CREDITS NOTE
Creation/production credits note Writers, Daniel Gilbert, Jesse Sweet, Chana Gazit, and Jack Youngelson ; directors, Chana Gazit and Jack Youngelson, original music by Michael Bacon.
511 0# - PARTICIPANT OR PERFORMER NOTE
Participant or performer note Host, Daniel Gilbert.
520 ## - SUMMARY, ETC.
Summary, etc. This program explores ways to improve our social relationships, cope with emotional issues, and become more positive, resilient individuals in these difficult times.
521 8# - TARGET AUDIENCE NOTE
Target audience note Rating: TV-PG.
538 ## - SYSTEM DETAILS NOTE
System details note DVD ; widescreen ; NTSC ; Region 1 ; Stereo.
546 ## - LANGUAGE NOTE
Language note In English ; Closed-captioned.
546 ## - LANGUAGE NOTE
Language note Closed captioned for the hearing impaired.
650 12 - SUBJECT ADDED ENTRY--TOPICAL TERM
Topical term or geographic name entry element Emotions
650 22 - SUBJECT ADDED ENTRY--TOPICAL TERM
Topical term or geographic name entry element Mental Health
650 22 - SUBJECT ADDED ENTRY--TOPICAL TERM
Topical term or geographic name entry element Interpersonal Relations
650 22 - SUBJECT ADDED ENTRY--TOPICAL TERM
Topical term or geographic name entry element Happiness
700 1# - ADDED ENTRY--PERSONAL NAME
Personal name Gilbert, Daniel Todd.
700 1# - ADDED ENTRY--PERSONAL NAME
Personal name Sweet, Jesse.
700 1# - ADDED ENTRY--PERSONAL NAME
Personal name Gazit, Chana.
700 1# - ADDED ENTRY--PERSONAL NAME
Personal name Youngelson, Jack.
710 2# - ADDED ENTRY--CORPORATE NAME
Corporate name or jurisdiction name as entry element WGBH (Television station : Boston, Mass.).
Subordinate unit Science Unit.
710 2# - ADDED ENTRY--CORPORATE NAME
Corporate name or jurisdiction name as entry element Vulcan Productions.
710 2# - ADDED ENTRY--CORPORATE NAME
Corporate name or jurisdiction name as entry element Public Broadcasting Service (U.S.)
992 ## -
-- P2
-- EF
-- 20100303
993 ## -
-- MXH
-- 20101028
994 ## -
-- CDN
-- 20101028
Holdings
Withdrawn status Lost status Damaged status Not for loan Home library Current library Shelving location Date acquired Total checkouts Full call number Barcode Date last seen Price effective from Koha item type
        Centerville Centerville General stacks 22/03/2026   152.4 22 BC0011184 22/03/2026 22/03/2026 Books